500 miles (lyrics) - Statistics

General Stats
  • This quiz has been taken 92 times
  • The average score is 96 of 141
Answer Stats
Answer % Correct
i
100%
miles
84%
a
82%
five
82%
hundred
78%
im
76%
my
76%
go
73%
from
71%
on
71%
four
69%
home
69%
three
69%
two
69%
will
69%
know
67%
lord
67%
one
67%
the
67%
you
67%
if
64%
miss
62%
am
60%
hear
60%
that
60%
can
58%
gone
58%
train
58%
blow
53%
whistle
53%
to
51%
back
49%
not
49%
away
47%
this
44%
cant
40%
penny
40%
name
38%
shirt
38%
No matching quizzes found
Score Distribution
Percent of People with Each Score
Percentile by Number Answered
Your Score History
You have not taken this quiz